[Event "Bangkok op 14th"]
[Site "Bangkok"]
[Date "2014.04.12"]
[Round "1"]
[White "Holming, Patrick"]
[Black "Kojima, Shinya"]
[Result "0-1"]
[WhiteElo "2002"]
[BlackElo "2361"]
[PlyCount "62"]
[EventDate "2014.04.12"]
[EventType "swiss"]
[EventRounds "9"]
[EventCountry "THA"]
[SourceTitle "CBM 159 Extra"]
[Source "ChessBase"]
[SourceDate "2014.04.24"]
[SourceVersion "1"]
[SourceVersionDate "2014.04.24"]
[SourceQuality "1"]

1. f4 d5 2. Nf3 g6 3. g3 Bg7 4. Bg2 Nf6 5. 0-0 0-0 6. d3 c5 7. Nc3 d4 8. Na4 Nbd7 9. c3 b5 10. Ne5 Rb8 11. Nc6 Qc7 12. Nxb8 Qxb8 13. cxd4 cxd4 14. Rb1 bxa4 15. Qxa4 Qb6 16. b4 Bb7 17. Bxb7 Qxb7 18. b5 Nd5 19. Bd2 N7b6 20. Qa3 Rc8 21. Rfc1 Nc3 22. Bxc3 dxc3 23. Kf2 Nd5 24. e3 Qb6 25. d4 Bxd4 26. exd4 Qxd4+ 27. Kg2 Qe4+ 28. Kg1 Qe3+ 29. Kh1 Qf3+ 30. Kg1 Ne3 31. Rb2 c2 0-1